MARC details
| 000 -CABECERA |
| campo de control de longitud fija |
01605nam a2200349 a 4500 |
| 001 - NÚMERO DE CONTROL |
| campo de control |
000004030 |
| 003 - IDENTIFICADOR DEL NÚMERO DE CONTROL |
| campo de control |
DO-SdBNP |
| 005 - FECHA Y HORA DE LA ÚLTIMA TRANSACCIÓN |
| campo de control |
20260305073950.0 |
| 007 - CAMPO FIJO DE DESCRIPCIÓN FÍSICA--INFORMACIÓN GENERAL |
| campo de control de longitud fija |
ta |
| 008 - DATOS DE LONGITUD FIJA--INFORMACIÓN GENERAL |
| campo de control de longitud fija |
090716e1982 dr a er 001 0 spa d |
| 040 ## - FUENTE DE LA CATALOGACIÓN |
| Centro catalogador/agencia de origen |
DO-SdBNP |
| Lengua de catalogación |
spa |
| Centro/agencia transcriptor |
BNPHU |
| 041 ## - CÓDIGO DE LENGUA |
| Código de lengua original |
spa |
| 082 #4 - NÚMERO DE LA CLASIFICACIÓN DECIMAL DEWEY |
| Número de documento/Ítem |
P962s |
| Número de edición |
22 |
| 245 04 - MENCIÓN DE TÍTULO |
| Título |
Los problemas del sector rural en la República Dominicana / |
| Mención de responsabilidad, etc. |
editor ; Frank Moya Pons ; composición y diagramación Ninón León de Seleme |
| 260 ## - PUBLICACIÓN, DISTRIBUCIÓN, ETC. |
| Lugar de publicación, distribución, etc. |
Santo Domingo : |
| Nombre del editor, distribuidor, etc. |
FORUM, |
| Fecha de publicación, distribución, etc. |
1982. |
| 300 ## - DESCRIPCIÓN FÍSICA |
| Extensión |
232 p. : |
| Otras características físicas |
il. ; gráficos ; |
| Dimensiones |
23 cm. |
| 490 1# - MENCIÓN DE SERIE |
| Mención de serie |
Forum : |
| -- |
Sector Rural ; |
| Número Internacional Normalizado para Publicaciones Seriadas |
3 |
| 500 ## - NOTA GENERAL |
| Nota general |
Incluye índice.- |
| 500 ## - NOTA GENERAL |
| Nota general |
Incluye notas al pie de páginas.- |
| 505 1# - NOTA DE CONTENIDO CON FORMATO |
| Nota de contenido con formato |
Presentación.- |
| 505 1# - NOTA DE CONTENIDO CON FORMATO |
| Nota de contenido con formato |
Introducción.- |
| 505 1# - NOTA DE CONTENIDO CON FORMATO |
| Nota de contenido con formato |
La producción de alimentos y las posibilidades de abastecimiento de la agricultura dominicana. por Samuel Encarnación Oviedo.- |
| 505 1# - NOTA DE CONTENIDO CON FORMATO |
| Nota de contenido con formato |
La comercialización agrícola en la República Dominicana. por Joaquín Nolasco.- |
| 505 1# - NOTA DE CONTENIDO CON FORMATO |
| Nota de contenido con formato |
La realidad campesina dominicana y sus posibilidades de desarrollo. por Guillermo Bendezú Alvarado.- |
| 505 1# - NOTA DE CONTENIDO CON FORMATO |
| Nota de contenido con formato |
Ideas y opiniones sobre la reforma agraria. Rafael Herrera.- |
| 505 1# - NOTA DE CONTENIDO CON FORMATO |
| Nota de contenido con formato |
Posibilidades y límites de la reforma agraria en la República Dominicana. por Carlos Dore y Cabral.- |
| 505 1# - NOTA DE CONTENIDO CON FORMATO |
| Nota de contenido con formato |
El uso de los recursos naturales en la formulación de una política agropecuaria. por Manuel de Js. Viña Cáceres. |
| 700 1# - PUNTO DE ACCESO ADICIONAL--NOMBRE DE PERSONA |
| Nombre de persona |
León de Seleme, Ninón |
| Término indicativo de función/relación |
composición y diagramación. |
| 9 (RLIN) |
77590 |
| 700 1# - PUNTO DE ACCESO ADICIONAL--NOMBRE DE PERSONA |
| Nombre de persona |
Moya Pons, Frank, |
| Fechas asociadas al nombre |
1944- |
| Término indicativo de función/relación |
ed. |
| 9 (RLIN) |
2095 |
| 830 #0 - PUNTO DE ACCESO ADICIONAL DE SERIE-TÍTULO UNIFORME |
| Título uniforme |
Forum ; |
| 9 (RLIN) |
7431 |
| Número de parte o sección de la obra |
3 |
| 942 ## - ELEMENTOS DE PUNTO DE ACCESO ADICIONAL (KOHA) |
| Fuente del sistema de clasificación o colocación |
Dewey Decimal Classification |
| Tipo de ítem Koha |
Libro |